[Event "TUR-chT Clubs"]
[Site "Konya"]
[Date "2019.07.21"]
[Round "9.9"]
[White "Canakay, Ahmet"]
[Black "Sahinoglu, Hakan"]
[Result "0-1"]
[WhiteElo "1583"]
[BlackElo "1844"]
[PlyCount "76"]
[EventDate "2019.07.16"]
[EventType "team-swiss"]
[EventRounds "9"]
[EventCountry "TUR"]
[SourceTitle "CBM 191 Extra"]
[Source "ChessBase"]
[SourceDate "2019.09.30"]
[SourceVersion "1"]
[SourceVersionDate "2019.09.30"]
[SourceQuality "1"]
[WhiteTeam "Kalite Dernegi"]
[BlackTeam "Yalova Beyaz Fil"]
[WhiteTeamCountry "TUR"]
[BlackTeamCountry "TUR"]

1. e4 c5 2. c4 Nc6 3. Nc3 d6 4. g3 g6 5. Bg2 Bg7 6. Nge2 Bg4 7. h3 Bxe2 8. Nxe2 e6 9. Nc3 Nge7 10. d3 0-0 11. 0-0 a6 12. Bg5 h6 13. Be3 Qd7 14. Qd2 Kh7 15. f4 f5 16. g4 Nd4 17. Rae1 Rab8 18. Kh1 b5 19. Rg1 Kh8 20. Ref1 Nec6 21. Rf2 Qe7 22. Rff1 b4 23. Nd1 fxg4 24. Kh2 b3 25. a3 g3+ 26. Kxg3 Nc2 27. e5 Nxe3 28. Qxe3 Nxe5 29. Kh2 Nd7 30. Be4 Bd4 31. Rxg6 Bxe3 32. Rxh6+ Kg8 33. Rg6+ Kf7 34. Nxe3 Ke8 35. f5 exf5 36. Bd5 Qxe3 37. Re6+ Qxe6 38. Bxe6 Ne5 0-1

[Event "TUR-chT Clubs"]
[Site "Konya"]
[Date "2019.07.20"]
[Round "8.12"]
[White "Sahinoglu, Hakan"]
[Black "Bozyaka, Altug"]
[Result "1-0"]
[WhiteElo "1844"]
[BlackElo "1798"]
[PlyCount "131"]
[EventDate "2019.07.16"]
[EventType "team-swiss"]
[EventRounds "9"]
[EventCountry "TUR"]
[SourceTitle "CBM 191 Extra"]
[Source "ChessBase"]
[SourceDate "2019.09.30"]
[SourceVersion "1"]
[SourceVersionDate "2019.09.30"]
[SourceQuality "1"]
[WhiteTeam "Yalova Beyaz Fil"]
[BlackTeam "Busan Genclik"]
[WhiteTeamCountry "TUR"]
[BlackTeamCountry "TUR"]

1. d4 Nf6 2. c4 g6 3. Nf3 Bg7 4. g3 c5 5. Bg2 0-0 6. 0-0 d6 7. Nc3 Nbd7 8. Qc2 a6 9. Rd1 Qc7 10. b3 cxd4 11. Nxd4 Nc5 12. Bg5 e6 13. e4 Rb8 14. Rac1 b6 15. Qe2 Bb7 16. Nc2 h6 17. Bf4 e5 18. Bd2 Qc6 19. Nb4 Qc7 20. Be1 Ne6 21. Ncd5 Qd8 22. Bc3 a5 23. Nxf6+ Qxf6 24. Nd5 Bxd5 25. Rxd5 Nc5 26. Rcd1 Rfd8 27. Qd2 Nb7 28. Bb2 Qe6 29. Ba3 Bf8 30. f4 h5 31. f5 gxf5 32. Bh3 Bh6 33. Qe2 Qg6 34. Bxf5 Qg5 35. Bc1 Qg7 36. Qxh5 Bxc1 37. Rxc1 Kf8 38. Kg2 Ke7 39. Qh4+ Qf6 40. Qxf6+ Kxf6 41. Rcd1 Ke7 42. g4 Nc5 43. Kg3 Ne6 44. Bxe6 Kxe6 45. Rf1 f6 46. Rd3 b5 47. cxb5 Rxb5 48. Rdf3 Rf8 49. g5 d5 50. Rxf6+ Rxf6 51. Rxf6+ Ke7 52. exd5 Rxd5 53. Ra6 Kf7 54. h4 Kg7 55. h5 e4 56. Kf4 e3 57. Re6 Rd2 58. Re7+ Kf8 59. Rxe3 Rxa2 60. Kf5 a4 61. bxa4 Rxa4 62. h6 Rh4 63. Kg6 Ra4 64. Rf3+ Ke8 65. h7 Rh4 66. Kg7 1-0

[Event "TUR-chT Clubs"]
[Site "Konya"]
[Date "2019.07.18"]
[Round "4.3"]
[White "Ererdem, Gani Eren"]
[Black "Sahinoglu, Hakan"]
[Result "1/2-1/2"]
[WhiteElo "2140"]
[BlackElo "1844"]
[PlyCount "83"]
[EventDate "2019.07.16"]
[EventType "team-swiss"]
[EventRounds "9"]
[EventCountry "TUR"]
[SourceTitle "CBM 191 Extra"]
[Source "ChessBase"]
[SourceDate "2019.09.30"]
[SourceVersion "1"]
[SourceVersionDate "2019.09.30"]
[SourceQuality "1"]
[WhiteTeam "Bitlis Dernegi"]
[BlackTeam "Yalova Beyaz Fil"]
[WhiteTeamCountry "TUR"]
[BlackTeamCountry "TUR"]

1. d4 d5 2. Nf3 Nf6 3. c4 e6 4. g3 Bb4+ 5. Bd2 Be7 6. Bg2 0-0 7. 0-0 c6 8. Qc2 Nbd7 9. Rd1 Ne4 10. Nc3 f5 11. b3 g5 12. Bc1 g4 13. Ne1 Ndf6 14. Bh6 Rf7 15. Nd3 Nxc3 16. Qxc3 Bd6 17. Ne5 Bxe5 18. dxe5 Ne4 19. Qe3 Qb6 20. Qf4 Nc3 21. Rd2 Bd7 22. Kh1 c5 23. Rc1 d4 24. e3 Bc6 25. exd4 cxd4 26. Bxc6 Qxc6+ 27. Kg1 Rd7 28. Rxc3 dxc3 29. Qg5+ Kh8 30. Qf6+ Kg8 31. Rd6 Qe4 32. Rxd7 Qe1+ 33. Kg2 Qe4+ 34. Kf1 Qh1+ 35. Ke2 Qf3+ 36. Ke1 Qh1+ 37. Ke2 Qf3+ 38. Ke1 Qh1+ 39. Ke2 Qf3+ 40. Ke1 Qh1+ 41. Ke2 Qf3+ 42. Ke1 1/2-1/2

[Event "TUR-chT 2nd League"]
[Site "Konya"]
[Date "2018.07.20"]
[Round "7.5"]
[White "Celikel, Fatih"]
[Black "Sahinoglu, Hakan"]
[Result "1-0"]
[WhiteElo "1809"]
[BlackElo "1807"]
[PlyCount "95"]
[EventDate "2018.07.16"]
[EventType "team-swiss"]
[EventRounds "9"]
[EventCountry "TUR"]
[SourceTitle "EXT 2019"]
[Source "ChessBase"]
[SourceDate "2018.10.10"]
[SourceVersion "1"]
[SourceVersionDate "2018.10.10"]
[SourceQuality "1"]
[WhiteTeam "Mugla Ortaca Belediye"]
[BlackTeam "Istanbul Moda"]
[WhiteTeamCountry "TUR"]
[BlackTeamCountry "TUR"]

1. d4 d5 2. Bf4 Nf6 3. e3 c5 4. c3 Nc6 5. Nd2 e6 6. Ngf3 cxd4 7. exd4 Nh5 8. Bg3 Nxg3 9. hxg3 Bd6 10. Bd3 g6 11. Qe2 Bd7 12. Qe3 Qe7 13. Ng5 0-0-0 14. b4 f6 15. Ngf3 Rde8 16. b5 Nd8 17. 0-0 e5 18. Nh2 e4 19. Be2 f5 20. c4 g5 21. c5 Bc7 22. c6 bxc6 23. bxc6 Bxc6 24. Rfc1 Kb8 25. Rab1+ Bb6 26. Nb3 Qd6 27. Qc3 Re7 28. a4 Rb7 29. Ba6 Rf8 30. Bxb7 Bxb7 31. a5 Bc7 32. Nc5 Rf7 33. a6 Bb6 34. Nxb7 Qc7 35. Qxc7+ Rxc7 36. Nxd8 Rxc1+ 37. Rxc1 Bxd8 38. Rc5 Bf6 39. Rxd5 Kc7 40. Rxf5 Bxd4 41. Ng4 Kb6 42. Rd5 Bc3 43. Rd6+ Kb5 44. Kf1 Ba5 45. Ne5 Bc7 46. Re6 Bb6 47. Nd7 Bd4 48. Rxe4 1-0

[Event "TUR-chT 2nd League"]
[Site "Konya"]
[Date "2018.07.19"]
[Round "6.2"]
[White "Sahinoglu, Hakan"]
[Black "Yaylali, Adnan Dogan"]
[Result "1-0"]
[WhiteElo "1807"]
[BlackElo "1991"]
[PlyCount "55"]
[EventDate "2018.07.16"]
[EventType "team-swiss"]
[EventRounds "9"]
[EventCountry "TUR"]
[SourceTitle "EXT 2019"]
[Source "ChessBase"]
[SourceDate "2018.10.10"]
[SourceVersion "1"]
[SourceVersionDate "2018.10.10"]
[SourceQuality "1"]
[WhiteTeam "Istanbul Moda"]
[BlackTeam "Olbia VE Spor"]
[WhiteTeamCountry "TUR"]
[BlackTeamCountry "TUR"]

1. c4 Nf6 2. d4 e6 3. g3 c5 4. Nf3 d5 5. Bg2 Be7 6. 0-0 0-0 7. dxc5 Nbd7 8. Qc2 Bxc5 9. Rd1 dxc4 10. Nbd2 Qe7 11. Nxc4 Nd5 12. a3 a6 13. b4 Ba7 14. e4 N5f6 15. Bf4 Re8 16. Bd6 Qd8 17. Rac1 Ng4 18. Rd2 e5 19. h3 Nxf2 20. Rxf2 Re6 21. Rd1 Qf6 22. Bxe5 Bxf2+ 23. Qxf2 Nxe5 24. Ncxe5 b6 25. Ng4 Qe7 26. Nd4 Rg6 27. Nf5 Qc7 28. Qc2 1-0

[Event "TUR-chT 2nd League"]
[Site "Konya"]
[Date "2017.07.23"]
[Round "9.4"]
[White "Yakar, Ozan Tuna"]
[Black "Sahinoglu, Hakan"]
[Result "0-1"]
[WhiteElo "1718"]
[BlackElo "1835"]
[PlyCount "84"]
[EventDate "2017.07.17"]
[EventType "team-swiss"]
[EventRounds "9"]
[EventCountry "TUR"]
[SourceTitle "EXT 2018"]
[Source "ChessBase"]
[SourceDate "2017.10.13"]
[SourceVersion "1"]
[SourceVersionDate "2017.10.13"]
[SourceQuality "1"]
[WhiteTeam "Mugla Ortaca Belediye"]
[BlackTeam "Istanbul Moda"]
[WhiteTeamCountry "TUR"]
[BlackTeamCountry "TUR"]

1. Nf3 d5 2. g3 Nf6 3. Bg2 e6 4. 0-0 Be7 5. d3 b6 6. Nbd2 Bb7 7. b3 Nbd7 8. Bb2 c5 9. Re1 0-0 10. c3 Qc7 11. e4 dxe4 12. dxe4 Rad8 13. Qe2 Ng4 14. Rad1 Nde5 15. Nxe5 Nxe5 16. Nf3 Nxf3+ 17. Bxf3 c4 18. Rxd8 Rxd8 19. Rd1 Ba6 20. Rxd8+ Qxd8 21. Qd1 Qc7 22. Be2 h6 23. Qc2 Qc6 24. b4 Bb5 25. f3 a5 26. a3 Bg5 27. f4 Bf6 28. Bf3 e5 29. Qd2 exf4 30. gxf4 g5 31. Qg2 Qe6 32. h4 axb4 33. axb4 Kf8 34. hxg5 hxg5 35. fxg5 Be5 36. Bh5 Be8 37. Be2 Bf4 38. Bf1 Bc6 39. g6 Be3+ 40. Kh2 Qe5+ 41. Kh3 Bd7+ 42. Kh4 Qf6+ 0-1

[Event "TUR-chT 2nd League"]
[Site "Konya"]
[Date "2017.07.18"]
[Round "3.1"]
[White "Ozdemir, Ali"]
[Black "Sahinoglu, Hakan"]
[Result "1/2-1/2"]
[WhiteElo "1762"]
[BlackElo "1835"]
[PlyCount "85"]
[EventDate "2017.07.17"]
[EventType "team-swiss"]
[EventRounds "9"]
[EventCountry "TUR"]
[SourceTitle "CBM 179 Extra"]
[Source "ChessBase"]
[SourceDate "2017.08.23"]
[SourceVersion "1"]
[SourceVersionDate "2017.08.23"]
[SourceQuality "1"]
[WhiteTeam "Malatya Yesilyurt"]
[BlackTeam "Istanbul Moda"]
[WhiteTeamCountry "TUR"]
[BlackTeamCountry "TUR"]

1. e4 c5 2. Nf3 Nc6 3. d4 cxd4 4. Nxd4 Nf6 5. Nc3 e5 6. Ndb5 d6 7. Bg5 a6 8. Na3 b5 9. Nd5 Be7 10. Bxf6 Bxf6 11. c3 0-0 12. Nc2 Bg5 13. a4 Rb8 14. axb5 axb5 15. Ncb4 Nxb4 16. Nxb4 Qb6 17. Qh5 Bd8 18. Bd3 g6 19. Qe2 f5 20. f3 Bg5 21. Qf2 Be3 22. Qe2 Bb7 23. exf5 gxf5 24. Nc2 Bf4 25. Qf2 Qc7 26. 0-0 Bd5 27. Nb4 Be6 28. Na6 Qb6 29. Qxb6 Rxb6 30. Nb4 Be3+ 31. Kh1 Rbb8 32. Rfe1 Bf2 33. Rf1 Bc5 34. Na6 Rb7 35. Nxc5 dxc5 36. Ra5 c4 37. Bc2 Rd8 38. Raa1 Rd2 39. Rfc1 Rbd7 40. Bd1 Rxb2 41. Rab1 Rdd2 42. Rxb2 Rxb2 43. Kg1 1/2-1/2

[Event "TUR-chT 2nd League"]
[Site "Konya"]
[Date "2017.07.18"]
[Round "2.1"]
[White "Sahinoglu, Hakan"]
[Black "Kurdas, Halil Ibrahim"]
[Result "0-1"]
[WhiteElo "1835"]
[BlackElo "1774"]
[PlyCount "36"]
[EventDate "2017.07.17"]
[EventType "team-swiss"]
[EventRounds "9"]
[EventCountry "TUR"]
[SourceTitle "CBM 179 Extra"]
[Source "ChessBase"]
[SourceDate "2017.08.23"]
[SourceVersion "1"]
[SourceVersionDate "2017.08.23"]
[SourceQuality "1"]
[WhiteTeam "Istanbul Moda"]
[BlackTeam "Kahramanmaras DSI "]
[WhiteTeamCountry "TUR"]
[BlackTeamCountry "TUR"]

1. d4 d5 2. c4 dxc4 3. Nf3 Nf6 4. e3 e6 5. Bxc4 a6 6. Nc3 b5 7. Bd3 c5 8. 0-0 Bb7 9. Qe2 Nbd7 10. Rd1 Qb6 11. Bc2 Rc8 12. e4 cxd4 13. Nxd4 Bc5 14. Be3 Ne5 15. a4 b4 16. a5 Qc7 17. Na4 Neg4 18. Nxc5 Qxh2+ 0-1